| 000 | 01038cam a22003257a 4500 | ||
|---|---|---|---|
| 003 | CHAP | ||
| 005 | 20220817042447.0 | ||
| 008 | 971013s1984 r 00010 d | ||
| 010 | _a45443 | ||
| 011 | _a46415 | ||
| 035 | _a50556 | ||
| 040 | _cCHAP | ||
| 090 | _aFolleto 9584 | ||
| 100 | 0 | 0 |
_aTew, James E. _9112508 |
| 245 | 1 | 4 | _aThe effects of bee lure on honey bee (Apismellifera) pollination of apples |
| 260 |
_aWooster, Ohio : _bOhio Agricultural Research and Development Center, _c1984 |
||
| 300 | _app. 31-32 | ||
| 490 | 0 |
_aResearch circular _v; 283 |
|
| 501 | _aEnc. con otros impresos similares | ||
| 590 |
_aBATCH-UPD _b10 _c20130110 _lUCH01 _h1548 |
||
| 590 |
_aCONVERSION _b10 _c20130109 _lUCH01 _h1325 |
||
| 650 | 1 | 4 | _aApis mellifera. |
| 650 | 1 | 4 |
_aManzana _xPolen. _970794 |
| 650 | 1 | 4 |
_aRepelentes y atrayentes de insectos. _995985 |
| 700 | 0 |
_aFerree, David C. _940381 |
|
| 830 | 0 |
_aResearch circular _v; 283 _996063 |
|
| 901 | _aBK | ||
| 942 | _cFOLL | ||
| 949 |
_aFolleto 9584 _bBC _cFOLL _d-113573 _eTS1 _i50556 _mD _si |
||
| 999 |
_c45443 _d45443 |
||